000
00319nam a2200157Ia 4500
100
_a
Maurus/J
650
_a
PHILOPSOPHY
942
_c
BK
366
_f
25
245
_a
TODAY IS OURS
260
_b
BETTER YOURSELF BOOK
_a
Bandra
_c
1971
082
_a
170/MAU
_b
MAU
300
_a
371
546
_a
ENGLISH
999
_c
34087
_d
34087